Health care, UK (Record no. 76145)
[ view plain ]
| 000 -LEADER | |
|---|---|
| fixed length control field | 01184nam a2200205 a 4500 |
| 008 - FIXED-LENGTH DATA ELEMENTS--GENERAL INFORMATION | |
| fixed length control field | 120416s0000 ||||||||||||||||| || u |
| 020 ## - INTERNATIONAL STANDARD BOOK NUMBER | |
| International Standard Book Number | 0946967008 |
| 050 ## - LIBRARY OF CONGRESS CALL NUMBER | |
| Classification number | RA 971.3 Hea |
| 100 ## - MAIN ENTRY--PERSONAL NAME | |
| Personal name | Gretton, John |
| 245 10 - TITLE STATEMENT | |
| Title | Health care, UK |
| Statement of responsibility, etc. | edited by Anthony Harrison |
| 246 ## - | |
| -- | an economic, social and policy audit |
| 260 ## - PUBLICATION, DISTRIBUTION, ETC. | |
| Place of publication, distribution, etc. | London |
| Name of publisher, distributor, etc. | Chartered Institute of Public Finance an |
| Date of publication, distribution, etc. | 1984 |
| 300 ## - PHYSICAL DESCRIPTION | |
| Extent | 132 pages : illustrations |
| 350 ## - | |
| -- | 0.00 |
| 700 ## - ADDED ENTRY--PERSONAL NAME | |
| Personal name | Harrison, Anthony |
| 995 ## - | |
| -- | ANNEX COLLECTION (Main Library) |
| -- | 0.00 |
| -- | 710144 |
| -- | CBU-MAIN LIBRARY (Kitwe) |
| -- | 4 |
| -- | 24.50 |
| -- | RA 971.3 Hea |
| -- | 4 |
| -- | AVAILABLE |
| -- | Apr 10, 2007 |
| -- | 015120 |
| -- | Annex Low-Usage Collection |
| 995 ## - | |
| -- | ANNEX COLLECTION (Main Library) |
| -- | 0.00 |
| -- | 710143 |
| -- | CBU-MAIN LIBRARY (Kitwe) |
| -- | 2 |
| -- | 24.50 |
| -- | RA 971.3 Hea |
| -- | 2 |
| -- | AVAILABLE |
| -- | Apr 10, 2007 |
| -- | 015121 |
| -- | Annex Low-Usage Collection |
| 995 ## - | |
| -- | MAIN LIBRARY OPEN ACCESS |
| -- | 0.00 |
| -- | 710142 |
| -- | CBU-MAIN LIBRARY (Kitwe) |
| -- | 1 |
| -- | 24.50 |
| -- | RA 971.3 Hea |
| -- | 1 |
| -- | AVAILABLE |
| -- | Apr 10, 2007 |
| -- | 015122 |
| -- | Main Library Open Access Collection |
| 995 ## - | |
| -- | ANNEX COLLECTION (Main Library) |
| -- | 0.00 |
| -- | 710141 |
| -- | CBU-MAIN LIBRARY (Kitwe) |
| -- | 3 |
| -- | 24.50 |
| -- | RA 971.3 Hea |
| -- | 3 |
| -- | AVAILABLE |
| -- | Apr 10, 2007 |
| -- | 015123 |
| -- | Annex Low-Usage Collection |
| 999 ## - | |
| -- | 76145 |
| -- | 76145 |
| Withdrawn status | Lost status | Source of classification or shelving scheme | Damaged status | Not for loan | Permanent Location | Current Location | Shelving location | Date acquired | Total Checkouts | Full call number | Barcode | Date last seen | Copy number | Price effective from | Koha item type |
|---|---|---|---|---|---|---|---|---|---|---|---|---|---|---|---|
| CBU-MAIN LIBRARY, KITWE. | CBU-MAIN LIBRARY, KITWE. | 04/25/2023 | RA 971.3 Hea | 015120 | 04/25/2023 | 1 | 04/25/2023 | MONOGRAPH | |||||||
| Withdrawn | CBU-MAIN LIBRARY, KITWE. | CBU-MAIN LIBRARY, KITWE. | 04/25/2023 | RA 971.3 Hea | 015121 | 04/25/2023 | 2 | 04/25/2023 | MONOGRAPH | ||||||
| CBU-MAIN LIBRARY, KITWE. | CBU-MAIN LIBRARY, KITWE. | 04/25/2023 | RA 971.3 Hea | 015122 | 04/25/2023 | 3 | 04/25/2023 | MONOGRAPH | |||||||
| CBU-MAIN LIBRARY, KITWE. | CBU-MAIN LIBRARY, KITWE. | 04/25/2023 | RA 971.3 Hea | 015123 | 04/25/2023 | 4 | 04/25/2023 | MONOGRAPH |